[Event "Box Hill op"]
[Site "Box Hill"]
[Date "2019.11.08"]
[Round "3"]
[White "Wang, Yifan Eva"]
[Black "Lin, Emily"]
[Result "0-1"]
[WhiteElo "1227"]
[BlackElo "1608"]
[PlyCount "98"]
[EventDate "2019.10.18"]
[EventType "swiss"]
[EventRounds "9"]
[EventCountry "AUS"]
[SourceTitle "EXT 2021"]
[Source "ChessBase"]
[SourceDate "2020.10.23"]
[SourceVersion "1"]
[SourceVersionDate "2020.10.23"]
[SourceQuality "1"]

1. d4 d5 2. c4 e6 3. Nc3 Nf6 4. Nf3 c6 5. e3 Bd6 6. Qc2 Nbd7 7. b3 0-0 8. Be2 e5 9. cxd5 cxd5 10. dxe5 Nxe5 11. 0-0 a6 12. Bb2 Be6 13. Rad1 Rc8 14. Qb1 Qc7 15. Rd2 Nxf3+ 16. Bxf3 Bb4 17. Rc1 Qa5 18. Qd3 Ne4 19. Rdc2 Nxc3 20. Bxc3 Bxc3 21. Rxc3 Qa4 22. a3 Qxa3 23. Rxc8 Qa2 24. Rd8 Rxd8 25. Rc2 Rc8 26. Rxc8+ Bxc8 27. Bxd5 Qa1+ 28. Qf1 Qa5 29. Qc4 Qa1+ 30. Qf1 Qc3 31. Qc4 Qxc4 32. Bxc4 Kf8 33. Kf1 Ke7 34. Ke2 f6 35. Kd3 a5 36. Bb5 Kd6 37. Kd4 Be6 38. Ba4 b5 39. Bxb5 Bxb3 40. Bc4 Ba4 41. e4 Bc6 42. f4 Bd7 43. g3 h6 44. e5+ fxe5+ 45. fxe5+ Ke7 46. Kc5 Be6 47. Bb5 Bb3 48. Ba6 a4 49. Kb4 Ke6 0-1